Responses for show #7076 - Monday, May 25, 2015

Contestants

[<< previous game]

Amy Berg, a graduate student in philosophy from San Diego, California

Michael Buss, a creative director from Tiburon, California

Choyon Manjrekar, an urban planner from Providence, Rhode Island (whose 2-day cash winnings total $42,700)

[next game >>]

Jeopardy! Round responses

STATE OF THE UNION HEADQUARTERS
(Alex: You have to identify the state.)
TV-"G"
PORTMANTEAU WORDS
WE'LL ALWAYS HAVE PARROTS
DOSTOYEVSKY
GRIME &amp; PUNISHMENT
    $200 2
California

Choyon
    $200 16
Glee

Amy
    $200 1
cellophane

Michael
    $200 17
Madagascar

Choyon
    $200 10
Q-tips

Choyon
    $400 14
Michigan

Choyon
    $400 21
Gunsmoke

Choyon
    $400 3
a Breathalyzer

Choyon
    $400 29
[The end-of-round signal sounds.]

New Zealand

Choyon
    $1,200 5
(Choyon: The thing that everyone wants to say--let's make it a True Daily Double.)

the Orthodox Church

Choyon
    $400 12
(Choyon: What are ions?)

electrons

Choyon
Triple Stumper
    $600 8
Pennsylvania

Choyon
    $600 22
Grimm

Amy
    $600 4
a telethon

Choyon
    $600 23
their toes

Amy
    $600 15
(Choyon: What is a gulag?)

a prison (camp)

ChoyonMichael
    $600 13
(Amy: What are bacteria?)
(Choyon: What are amoeba?)

algae

ChoyonAmy
Triple Stumper
    $800 9
Kentucky

Amy
    $800 26
Gotham

Choyon
    $800 6
gerrymander

Michael
    $800 24
(Alex: You are right, with less than a minute to go now.)

Dominica

Choyon
    $800 18
the Inquisitor

Amy
    $800 19
turpentine

Amy
    $1000 11
(Amy: What is Massachusetts?)

New York

Amy
Triple Stumper
    $1000 27
Golden Girls

Michael
    $1000 7
a marionette

Choyon
    $1000 28
grey

Michael
    $1000 25
The Possessed

Triple Stumper
    $1000 20
Brasso

Michael

Scores at the first commercial break (after clue 14):

Choyon Michael Amy
$3,600 $1,000 -$800

Scores at the end of the Jeopardy! Round:

Choyon Michael Amy
$5,600 $4,600 $2,200

Double Jeopardy! Round responses

LOOK DOWN
PRESIDENTS &amp; SECRETARIES OF STATE
____ OF THE ____
MOVIE PUNS
BIBLICAL WOMEN
"S" WORDS
    $400 26
the Grand Canyon

Choyon
    $400 1
Bill Clinton

Amy
    $400 18
flavor of the month

Michael
    $400 27
a leek

Michael
    $400 2
Eve

Choyon
    $400 15
silent

Choyon
    $800 9
sand dunes

Choyon
    $800 7
FDR

Michael
    $800 17
Rumpole of the Bailey

Choyon
    $800 20
Shanghai Noon

Choyon
    $800 4
(Amy: Who is Samson?)

Delilah

ChoyonAmy
    $800 12
stagger

Triple Stumper
    $1200 24
the San Francisco Bay

Michael
    $1200 8
(Choyon: Who is Grant?)
(Amy: Who is Lincoln?)

Andrew Johnson

ChoyonAmy
Triple Stumper
    $2,400 16
the Book of the Dead

Choyon
    $1200 22
the point

Michael
    $1200 3
Ruth

Amy
    $1200 13
syncopation

Amy
    $2,000 10
(Choyon: Who is Nixon?)

(1 of) John Fitzgerald Kennedy & Lyndon Johnson

Choyon
    $1600 19
"Master of the Universe"

Choyon
    $1600 23
(Alex: Correct, with less than a minute to go now.)

an elevator operator

Choyon
    $1600 5
Elizabeth

Amy
    $1600 14
a sine

Choyon
    $2000 25
(Michael: What's the Arabian Peninsula?)

Sinai

ChoyonMichael
    $2000 11
John Adams

Triple Stumper
    $2000 21
"Flight Of The Bumblebee"

Amy
    $2000 28
[The end-of-round signal sounds.]

Otto

Triple Stumper
    $2000 6
(Choyon: Who is Rachel?)

Dinah

Choyon
Triple Stumper

Scores at the end of the Double Jeopardy! Round:

Choyon Michael Amy
$14,000 $6,600 $6,600
(lock game)

[wagering suggestions for these scores]

Final Jeopardy! Round responses

HYMNS
(Alex: [To Choyon] Yes, indeed. Whenever people go to temple or go to church, they sing "Kinky Boots"!)
AmyWhat is
$6,599
MichaelWhat is ?
$6,599
ChoyonWhat is Kinky Boots?
$0
Rock Of Ages

Final scores:

Choyon Michael Amy
$14,000 $1 $1
3-day champion: $56,700 2nd place: $2,000 3rd place: $1,000

Game dynamics:

Coryat scores:

Choyon Michael Amy
$14,000 $6,600 $6,600
25 R
(including 2 DDs),
6 W
(including 1 DD)
11 R,
1 W
11 R,
4 W

Combined Coryat: $27,200

The J! Archive is created by fans, for fans. The Jeopardy! game show and all elements thereof, including but not limited to copyright and trademark thereto, are the property of Jeopardy Productions, Inc. and are protected under law. This website is not affiliated with, sponsored by, or operated by Jeopardy Productions, Inc. Join the discussion at JBoard.tv.